NBA Highest-paid Small Forwards of All Time - Statistics

General Stats
  • This quiz has been taken 33 times
  • The average score is 8 of 20
Answer Stats
Salary Status Player % Correct
$272,674,122.00 Active LeBron James
100%
$194,843,892.00 Active Kevin Durant
80%
$200,708,312.00 Retired Paul Pierce
80%
$233,478,229.00 FA Carmelo Anthony
73%
$111,161,423.00 Active Paul George
70%
$108,657,430.00 Retired Scottie Pippen
67%
$134,936,762.00 Retired Shawn Marion
40%
$144,881,715.00 Retired Grant Hill
30%
$109,166,793.00 Active Marvin Williams
30%
$102,825,613.00 Retired Gerald Wallace
27%
$153,520,376.00 FA Luol Deng
27%
$118,937,374.00 Active Nicolas Batum
23%
$153,506,697.00 Active Rudy Gay
23%
$115,967,658.00 Retired Lamar Odom
20%
$116,883,643.00 Retired Richard Jefferson
20%
$118,222,088.00 Active Gordon Hayward
13%
$115,095,255.00 Active Danilo Gallinari
10%
$102,438,250.00 Retired Jalen Rose
10%
*$114,666,043.00 Retired Richard Hamilton
7%
$107,735,998.00 Retired Andrei Kirilenko
3%
No matching quizzes found
Score Distribution
Percent of People with Each Score
Percentile by Number Answered
Your Score History
You have not taken this quiz